000 00840cam a22002651 4500
001 12036
003 BD-RjUL
005 20211208235226.0
008 140128r19341928nyua 001 0 eng
035 _a(BD-RjUL)12085
035 _a(OCoLC)1557845
040 _aDLC
_cFMU
_dMBU-M
_dOCoLC
_dDLC
_dBD-RjUL
_beng
041 _aeng
082 _a152.1
_bADB 1934
100 1 _aAdrian, E. D.,
_d1889-1977.
_q(Edgar Douglas)
_937304
245 0 4 _aThe basis of sensation :
_bthe action of the sense organs /
_cby E. D. Adrian.
260 _aNew York :
_bW. W. Norton & company, inc.,
_c[Reprinted 1934].
300 _a122 p. :
_billus., diagrs. ;
_c22 cm.
500 _aPrinted in Great Britain.
504 _aIncludes index.
650 0 _aSenses and sensation.
_95252
942 _2ddc
_cBK
999 _c12036
_d12036